header

Body talk (Record no. 172633)

MARC details
000 -LEADER
fixed length control field 01589nam a2200433Ia 4500
082 04 - DEWEY DECIMAL CLASSIFICATION NUMBER
Classification number 306.4
245 00 - TITLE STATEMENT
Title Body talk
260 ## - PUBLICATION, DISTRIBUTION, ETC. (IMPRINT)
Place of publication London ;
-- New York :
Name of publisher Routledge,
Year of publication 1997.
300 ## - PHYSICAL DESCRIPTION
Number of Pages xii, 254 p.
650 #0 - SUBJECT ADDED ENTRY--TOPICAL TERM
Topical Term Human body
Topical Term Mind and body.
Topical Term Women
Topical Term Women
Topical Term Sex (Psychology)
Topical Term Mental illness
Topical Term Human reproduction
Topical Term Materialism.
Topical Term Discursive psychology.
Topical Term Feminist theory.
700 1# - ADDED ENTRY--PERSONAL NAME
Personal name Ussher, Jane M.,
856 40 - ELECTRONIC LOCATION AND ACCESS
Uniform Resource Identifier http://site.ebrary.com/lib/rucke/Doc?id=10057311

No items available.

© 2026 Rongo University
Contact us: librarian | system librarian | Rongo university